LEADER 00561nas a2200157 i 4500 001 000000008061 003 CaOOAMICUS 005 20180830125439.0 008 180830s2002 it u0 ita u 040 $aSeMil$bita 245 10$aPFTIM Library. 260 $aCinisello Balsamo :$bSan Paolo,$ccopyr. 2002. 300 $av. ;$c23 cm. 700 1 $aPontificia Facoltà Teologica dell'Italia Meridionale.$0(OLS)http://semarc/name/4113 996 $6245$aPFTIM Library$9(OLS)http://semarc/title/10725 996 $6260$aCinisello Balsamo :$bSan Paolo$9(OLS)http://semarc/publisher/30129 LEADER 01011nam a2200229 i 4500 001 000000062086 003 CaOOAMICUS 005 20131029000000.0 008 131029s1877 it u000 u ita u 013 $a33258 040 $aSeMil$bita 100 1 $aAvogadro Della Motta, Emiliano,$d<1798-1865>.$0(OLS)http://semarc/name/2718 245 13$aLa filosofia dell'abate Antonio Rosmini /$cesaminata da Emiliano Avogadro conte Della Motta. 250 $a4. ed. 260 $aNapoli :$bF. Giannini,$c1877. 300 $a259 p. ;$c25 cm. 600 14$aRosmini Serbati, Antonio .$0(OLS)http://semarc/subject/791 650 4$aRosmini Serbati, Antonio - Pensiero filosofico.$0(OLS)http://semarc/subject/157 850 $aSeMil 852 $aSeMil$W1$xVenegono$y1$m2L III 42 FA$j28239$B28239$CSeMilBibl$Z2$F28242 $8I 996 $6245$aLa filosofia dell'abate Antonio Rosmini$9(OLS)http://semarc/title/97687 996 $6260$aNapoli :$bF. Giannini$9(OLS)http://semarc/publisher/37097